000 00948cam a2200217 4500
001 WB3937-08
008 030930n2003 000 0 eng u
035 _a(Sirsi) u123777
245 _aDTI to tackle issues of mining and house prices
260 _c2003
490 _aDTI Press Release
_v(P/2003/486) 25 September 2003 (2)
520 _aThe DTI has launched a new system for detecting houses put at risk by disused mine-shafts, in an attempt to stop the housing market in former mining areas being blighted by uncertainty. The Coal Authority will offer an interpretative report service which will help identify areas at risk. http://www.gnn.gov.uk/gnn/national.nsf/TI/E19D3E6525E2739980256DAC004B6A3F?opendocument
590 _aWB
650 _aCOAL MINING
650 _aBLIGHTED PROPERTY
650 _aCOAL AUTHORITY
650 _aHOUSE PRICES
650 _aMINE SHAFTS
690 _aENVIRONMENTAL AND LAND CONSULTANCY
942 _n0
999 _c73502
_d73502